000
00314nam a22001337a 4500
003
SGT
082
_a
612.015
_b
S20K
100
_a
KUMARI, MITHLESH
245
_a
STUDY OF OXIDANT AND ANTIOXIDENT STUTUS IN LICHEN PLANUS PATIENTS
260
_a
SGT
_c
2020
300
_a
56
650
_a
BIOCHEMISTRY
942
_2
ddc
_c
TH
999
_c
20743
_d
20743